Slap battles trivia - Statistics

General Stats
  • This quiz has been taken 110 times
  • The average score is 10 of 15
Answer Stats
Hint Answer % Correct
Glove that has a 1/7500 chance of being rewarded from replica Bob
100%
Glove formerly known as "Pilot" Jet
90%
Glove that costs -3 slaps Spin
87%
Kill 5 different __________ users withBoomerang to get Flamarang Overkill
84%
Name of the creator of Slap Battles Tencell
81%
Slaps required to equip Error 50,000
79%
Common insult of Overkill users Overcringe
75%
Glove that has a gravestone insteadof a stand. Poltergeist
71%
Useless badge rewarded from failing to seal The Eternal Bob: ________ wings Clipped
68%
Antagonist of Barzil Mortis
67%
Rewarded from "the touch of Midas" badge. Buddies
63%
Result of putting 1 mushroomIn the alchemist cauldron: _____ potion Grug
60%
Only staff glove publicly available. Killerfish
56%
Name of the small cloud like island off of the main island Fort
35%
What the glitch glove's badge nameSpells in binary. Run
29%
No matching quizzes found
Score Distribution
Percent of People with Each Score
Percentile by Number Answered
Your Score History
You have not taken this quiz